Largest County by Area in Every U.S. State - Statistics

General Stats
  • This quiz has been taken 61 times
    16 since last reset
  • The average score is 13 of 50
Answer Stats
Hint Answer % Correct
California San Bernardino
93%
Hawaii Hawaii
60%
Arizona Coconino
53%
Nevada Nye
53%
Massachusetts Worcester
53%
Oregon Harney
47%
Idaho Idaho
47%
Minnesota St. Louis
47%
New Hampshire Coos
40%
Michigan Marquette
40%
Rhode Island Providence
40%
Utah San Juan
40%
Maine Aroostook
33%
Texas Brewster
33%
New Jersey Burlington
33%
Nebraska Cherry
33%
Tennessee Shelby
33%
Delaware Sussex
33%
Florida Collier
27%
Iowa Kossuth
27%
Washington Okanogan
27%
Oklahoma Osage
27%
New York St. Lawrence
27%
Wyoming Sweetwater
27%
Missouri Texas
27%
Arkansas Union
27%
Indiana Allen
20%
Connecticut Litchfield
20%
Wisconsin Marathon
20%
Illinois McLean
20%
Georgia Ware
20%
Alaska Yukon Koyukuk
20%
Ohio Ashtabula
13%
Alabama Baldwin
13%
Louisiana Cameron
13%
Maryland Frederick
13%
Colorado Las Animas
13%
Pennsylvania Lycoming
13%
North Dakota McKenzie
13%
Kentucky Pike
13%
West Virginia Randolph
13%
Vermont Windsor
13%
Mississippi Yazoo
13%
Montana Beaverhead
7%
South Carolina Berkeley
7%
Kansas Butler
7%
South Dakota Meade
7%
Virginia Pittsylvania
7%
North Carolina Robeson
7%
New Mexico Catron
0%
No matching quizzes found
Score Distribution
Percent of People with Each Score
Percentile by Number Answered
Your Score History
You have not taken this quiz since the last reset